Manual perumahan dan bangunan tropika : Bahagian pertama: reka bentuk berteraskan iklim

Bibliographic Details
Other Authors: Abdul Majid Ismail, Ingersoll, T. G., Koenigsberger, O. H., Mayhew, Alan, Szolay, S. V.
Format: Book
Published: Pulau Pinang : Penerbit Universiti Sains Malaysia , 1994
Subjects:

MARC

LEADER 00000cam a2200000 7i4500
001 0000017863
005 20220624.0
020 |a 9838610925 
040 |a INS 
090 0 0 |a TH153   |b M36 1994 
245 0 0 |a Manual perumahan dan bangunan tropika :   |b Bahagian pertama: reka bentuk berteraskan iklim   |c O. H. Koenigsberger, T. G. Ingersoll, Alan Mayhew, S. V. Szolay   |f diterjemahkan oleh Abdul Majid Ismail 
260 |a Pulau Pinang :   |b Penerbit Universiti Sains Malaysia ,   |c 1994 
300 |a xviii, 392p. ;   |c 24cm. 
500 |a Bahagian pertama : Reka bentuk berteraskan iklim 
650 0 |a Building   |x Tropics 
650 0 |a Dwellings   |x Tropics 
700 0 |a Abdul Majid Ismail 
700 1 |a Ingersoll, T. G. 
700 1 |a Koenigsberger, O. H. 
700 1 |a Mayhew, Alan 
700 1 |a Szolay, S. V. 
999 |a 0000017689   |b BOOK   |c Open Shelf   |e Default branch 
999 |a 0000017690   |b BOOK   |c Open Shelf   |e Default branch 
999 |a 0000018435   |b BOOK   |c Open Shelf   |e Default branch 
999 |a 0000018436   |b BOOK   |c Open Shelf   |e Default branch